Desarrollo de un aplicación móvil para listas de verificación de obra en viviendas de interés social

Guardat en:
Dades bibliogràfiques
Autor principal: Chacón Duran, Bernardo, 1988-
Altres autors: Anglin Fonseca, Robert Anthony, 1967- Director del TFG
Format: Llibre
Idioma:Spanish
Publicat: [San José], Costa Rica 2015
Matèries:
Etiquetes: Afegir etiqueta
Sense etiquetes, Sigues el primer a etiquetar aquest registre!

MARC

LEADER 00000nam a22000007a 4500
003 012298
005 20230905153549.0
008 151120b2015 cr a|||| |||| 00| ||spa d
040 |c cru CEDI  
090 |a TFG 7462 
100 |9 1387  |a Chacón Duran, Bernardo, 1988- 
245 |a Desarrollo de un aplicación móvil para listas de verificación de obra en viviendas de interés social  
260 |a  [San José], Costa Rica  |c 2015 
300 |a xi hojas, 110 páginas : ilustraciones. 
500 |a Proyecto de graduación (licenciatura en ingeniería civil)--Universidad de Costa Rica. Facultad de Ingeniería. Escuela de Ingeniería Civil 
501 |a Director del Proyecto de Graduación: Ing. Robert Anglin Fonseca, M.Sc. 
650 |x VIVIENDA POPULAR - INSPECCION   |x VIVIENDA POPULAR - CONTROL DE CALIDAD   |x VIVIENDA POPULAR - PROCESAMIENTO DE DATOS   |x DESARROLLO DE PROGRAMAS DE APLICACION   |x CONSTRUCCIONES PREFABRICADAS   |x ANDROID (RECURSO ELECTRONICO)  |x MAMPOSTERIA   |x JAVA (LENGUAJE DE PROGRAMACION PARA COMPUTADORA)  |9 2332 
700 |9 186  |a Anglin Fonseca, Robert Anthony, 1967-  |d Director del TFG 
942 |c CEDI 
999 |c 15742  |d 15742